Statistics for Olympic Venues

Click here to take the quiz!

General Stats

  • This quiz has been taken 73 times
    (20 since last reset)
  • The average score is 45 of 55

Answer Stats

HintAnswer% Correct
1998Nagano, Japan
94%
1972Sapporo, Japan
94%
1964Tokyo, Japan
94%
2020Tokyo, Japan
94%
1992Albertville, France
88%
2004Athens, Greece
88%
1896Athens, Greece
88%
2032Brisbane, Australia
88%
1988Calgary, Canada
88%
1924Chamonix, France
88%
1968Grenoble, France
88%
2028Los Angeles, USA
88%
1956Melbourne, Ausralia
88%
1976Montreal, Canada
88%
2024Paris, France
88%
1900Paris, France
88%
1924Paris, France
88%
2018Pyeongchang, South Korea
88%
1988Seoul, South Korea
88%
2000Sydney, Australia
88%
2010Vancouver, Canada
88%
2008Beijing, China
82%
1952Helsinki, Sweden
82%
1968Mexico City, Mexico
82%
1980Moscow, Russia
82%
2016Rio, Brazil
82%
2014Sochi, Russia
82%
1912Stockholm, Sweden
82%
1928Amsterdam, Netherlands
76%
1920Antwerp, Netherlands
76%
1996Atlanta, USA
76%
1992Barcelona, Spain
76%
1956Cortina d'Ampezzo, Italy
76%
1980Lake Placid, USA
76%
1932Lake Placid, USA
76%
1994Lillehammer, Norway
76%
1908London, UK
76%
2012London, UK
76%
1948London, UK
76%
1932Los Angeles, USA
76%
1984Los Angeles, USA
76%
1952Oslo, Norway
76%
1960Rome, Italy
76%
2002Salt Lake City, USA
76%
1960Squaw Valley, USA
76%
1904St Louis, USA
76%
2006Turin, Italy
76%
1936Berlin, Germany
71%
1936Garmisch-Partenkirchen, Germany
71%
1976Innsbruck, Austria
71%
1964Innsbruck, Austria
71%
1972Munich, Germany
71%
1928St Moritz, Switzerland
71%
1948St Moritz, Switzerland
71%
1984Sarajevo, Yugoslavia
53%

Score Distribution

Percentile by Number Answered

Percent of People with Each Score

Your Score History

You have not taken this quiz since the last reset